00342 a2200097 4500001001000000005001700010008004100027245004500068100002200113773010900135ART_1077920260410161854.0260409a 10aAncianidad, autonomía y vulnerabilidad1 aFernandez, Silvia0 tDerecho privadogReforma del Código Civil I. Aspectos generales - Año I, Nº 2 (sep. 2012)wREV10455